00239 a2200109 450000100060000008200140000610000290002024500200004926000290006930000110009860000200010992381 a297.4 AHM aAhmad Rafiq Akhtar, Prof aAhsan i taqweem aSange MeelbLahorec2014 a254 p. aahsan-e-taqween